Biggest U.S. Cities A-Z - 1950 - Statistics

General Stats
  • This quiz has been taken 71 times
  • The average score is 20 of 32
Answer Stats
Letter City % Correct
C Chicago
94%
H Houston
94%
N New York City
94%
D Detroit
90%
P Philadelphia
90%
A Atlanta
88%
B (metro) Boston
88%
L Los Angeles
88%
I Indianapolis
86%
S (metro) San Francisco
86%
W Washington, D.C.
84%
M (metro) Minneapolis
82%
B (city) Baltimore
80%
J (metro) Jacksonville
80%
K Kansas City
68%
M (city) Milwaukee
68%
S (city) St. Louis
66%
O (metro) Omaha
62%
T (metro) Tampa
58%
R Rochester
52%
O (city) Oakland
50%
Q Quincy, MA
50%
F Fort Worth
46%
U Utica, NY
44%
G Grand Rapids
42%
Y Youngstown, OH
40%
X Xenia, OH
36%
T (city) Toledo
34%
Z Zanesville, OH
34%
J (city) Jersey City
28%
E Erie, PA
24%
V Vancouver, WA
18%
No matching quizzes found
Score Distribution
Percent of People with Each Score
Percentile by Number Answered
Your Score History
You have not taken this quiz